[Event "Kreismeisterschaft Mittelfranken Mitte 2"]
[Site "Nuernberg"]
[Date "2020.01.06"]
[Round "7.2"]
[White "Mantel, Ruben"]
[Black "Grimm, Pascal"]
[Result "1/2-1/2"]
[WhiteElo "2138"]
[BlackElo "1922"]
[PlyCount "110"]
[EventDate "2020.??.??"]
[WhiteTeam "SC Noris-Tarrasch Nürnberg"]
[BlackTeam "SV Postbauer"]

1. d4 e6 2. Nf3 f5 3. c4 Nf6 4. Nc3 Bb4 5. g3 b6 6. Bg2 Bb7 7. O-O O-O 8. Qb3
Bxc3 9. bxc3 Be4 10. a4 Nc6 11. Ba3 d6 12. c5 Bd5 13. Qc2 Na5 14. Ne1 dxc5 15.
dxc5 Nc4 16. cxb6 Nxa3 17. Rxa3 axb6 18. c4 Be4 19. Bxe4 Nxe4 20. Nd3 Qd6 21.
c5 bxc5 22. Nb2 c4 23. Nxc4 Qc5 24. Ra2 Rfd8 25. e3 Ng5 26. Kg2 Qc6+ 27. f3 Qc5
28. Rf2 Rab8 29. a5 Rb4 30. Ra4 Qb5 31. Rxb4 Qxb4 32. Ne5 Rd5 33. Nc6 Qd6 34.
a6 Rc5 35. a7 Qxc6 36. Qxc5 Qxc5 37. a8=Q+ Qf8 38. Qa7 h6 39. Qxc7 Qf6 40. Rd2
Kh7 41. h4 Nf7 42. f4 h5 43. Qc6 Nh6 44. e4 Qa1 45. exf5 Qe1 46. Qc2 exf5 47.
Re2 Qa1 48. Qb2 Qd1 49. Qe5 Qa4 50. Qd5 Qa1 51. Qe5 Qa8+ 52. Kg1 Qa7+ 53. Qe3
Qa1+ 54. Re1 Qb2 55. Qd3 Qb6+ 1/2-1/2

[Event "Kreismeisterschaft Mittelfranken Mitte 2"]
[Site "Nuernberg"]
[Date "2020.01.06"]
[Round "7.3"]
[White "Llugiq, Bajram"]
[Black "Redzepovic, Irfan"]
[Result "0-1"]
[WhiteElo "1820"]
[BlackElo "2056"]
[PlyCount "30"]
[EventDate "2020.??.??"]
[WhiteTeam "SW Nürnberg Süd"]
[BlackTeam "SW Nürnberg Süd"]

1. d4 Nf6 2. Nf3 e6 3. Bg5 h6 4. Bf4 c5 5. c4 cxd4 6. Nxd4 e5 7. Ne6 fxe6 8.
Bxe5 Bb4+ 9. Bc3 Qa5 10. a3 Bxc3+ 11. Nxc3 O-O 12. Qc2 d5 13. b4 Qc7 14. c5 Qe5
15. Rd1 Ng4 0-1

[Event "Kreismeisterschaft Mittelfranken Mitte 2"]
[Site "Nuernberg"]
[Date "2020.01.06"]
[Round "7.4"]
[White "Bildt, Thomas"]
[Black "Mueller, Christian"]
[Result "1-0"]
[WhiteElo "1998"]
[BlackElo "1393"]
[PlyCount "31"]
[EventDate "2020.??.??"]
[WhiteTeam "SK Zirndorf"]
[BlackTeam "SW Nürnberg Süd"]

1. e4 c5 2. Nc3 g6 3. f4 Bg7 4. Nf3 a6 5. g3 Nc6 6. Bg2 e6 7. O-O Nge7 8. d3 b6
9. e5 d5 10. exd6 Qxd6 11. Ne4 Qc7 12. Ne5 Bb7 13. Bd2 Nxe5 14. fxe5 Bxe5 15.
Nf6+ Kf8 16. Bh6# 1-0

[Event "Kreismeisterschaft Mittelfranken Mitte 2"]
[Site "Nuernberg"]
[Date "2020.01.06"]
[Round "7.5"]
[White "Riexinger, Martin"]
[Black "Vogiatzis, Dimitrios"]
[Result "1-0"]
[WhiteElo "1828"]
[BlackElo "2085"]
[PlyCount "51"]
[EventDate "2020.??.??"]
[WhiteTeam "SW Nürnberg Süd"]
[BlackTeam "SC Noris-Tarrasch Nürnberg"]

1. f4 d5 2. Nf3 c5 3. g3 Nc6 4. Bg2 Bg4 5. d3 g6 6. Nbd2 Bg7 7. O-O Qd7 8. e4
dxe4 9. dxe4 O-O-O 10. c3 e5 11. Qa4 exf4 12. gxf4 Bh3 13. Nc4 Bxg2 14. Kxg2 f5
15. e5 Nxe5 16. Qxd7+ Nxd7 17. Nd6+ Kc7 18. Nf7 Ngf6 19. Nxh8 Rxh8 20. Re1 Ne4
21. Ng5 Nxg5 22. fxg5 Be5 23. Be3 b6 24. Bf2 h6 25. Rad1 Bd6 26. Re6 1-0

[Event "Kreismeisterschaft Mittelfranken Mitte "]
[Site "Nuernberg"]
[Date "2020.01.06"]
[Round "7.6"]
[White "Erlbeck, Peter"]
[Black "Corral, Carlos"]
[Result "1-0"]
[WhiteElo "2056"]
[BlackElo "2015"]
[PlyCount "48"]
[EventDate "2020.??.??"]
[WhiteTeam "SW Nürnberg Süd"]
[BlackTeam "SC Noris-Tarrasch Nürnberg"]

1. e4 c5 2. Nc3 Nc6 3. f4 g6 4. Nf3 Bg7 5. Bc4 e6 6. f5 Nge7 7. fxe6 dxe6 8. d3
O-O 9. O-O Nd4 10. Nxd4 cxd4 11. Ne2 b6 12. Qe1 Nc6 13. Bd2 Bb7 14. Qg3 Rc8 15.
Bg5 Qc7 16. Qh4 Na5 17. Be7 Rfe8 18. Rxf7 Kxf7 19. Rf1+ Kg8 20. Bxe6+ Kh8 21.
Nf4 h6 22. Nxg6+ Kh7 23. Rf7 Rxe7 24. Nxe7 Kh8 1-0

[Event "Kreismeisterschaft Mittelfranken Mitte 2"]
[Site "Nuernberg"]
[Date "2020.01.06"]
[Round "7.7"]
[White "Ott, Hans"]
[Black "Varkentin, Wilhelm"]
[Result "0-1"]
[WhiteElo "1545"]
[BlackElo "1965"]
[PlyCount "48"]
[EventDate "2020.??.??"]
[WhiteTeam "SC Stein"]
[BlackTeam "SC JÄKLECHEMIE"]

1. e4 c6 2. d4 d5 3. exd5 cxd5 4. Nf3 Bg4 5. c3 Nf6 6. Be2 e6 7. Nbd2 Bd6 8.
Ne5 Bf5 9. Bb5+ Kf8 10. Ndf3 Ne4 11. O-O f6 12. Nd3 Qc7 13. g3 h5 14. Bf4 g5
15. Bxd6+ Nxd6 16. Ba4 h4 17. Kh1 Ne4 18. Rg1 hxg3 19. fxg3 Nxg3+ 20. Kg2 Bh3+
21. Kf2 Ne4+ 22. Ke1 g4 23. Nfe5 fxe5 24. Nxe5 Qh7 0-1

[Event "Kreismeisterschaft Mittelfranken Mitte 2"]
[Site "Nuernberg"]
[Date "2020.01.06"]
[Round "7.8"]
[White "Ulusoy, Tolga"]
[Black "Gottlieb, Michael"]
[Result "1-0"]
[WhiteElo "2039"]
[BlackElo "1714"]
[PlyCount "85"]
[EventDate "2020.??.??"]
[WhiteTeam "SC Noris-Tarrasch Nürnberg"]
[BlackTeam "SC Postbauer-Heng"]

1. e4 e5 2. f4 exf4 3. Bc4 g5 4. h4 Bg7 5. hxg5 Qxg5 6. Nf3 Qg3+ 7. Kf1 d6 8.
Nc3 Bxc3 9. bxc3 Nf6 10. Qe2 O-O 11. d3 Nc6 12. Qe1 Ne5 13. Bb3 Qxe1+ 14. Kxe1
Ng6 15. Nh4 Kh8 16. Nf3 Bd7 17. Ng5 Kg7 18. Nh3 Bxh3 19. Rxh3 Rae8 20. Kf1 Re5
21. g3 fxg3 22. Bh6+ Kg8 23. Bxf8 g2+ 24. Kf2 Kxf8 25. Rg1 Nf4 26. Rh4 N6h5 27.
Kf3 Rg5 28. Rg4 f6 29. d4 Ke7 30. Bc4 c6 31. Rxf4 Nxf4 32. Kxf4 b5 33. Be2 Ke6
34. Bg4+ Ke7 35. Rxg2 Rg8 36. Rh2 Rg7 37. Bf5 Kf8 38. Rxh7 Rg2 39. Rxa7 Rxc2
40. Ra3 d5 41. exd5 Rf2+ 42. Kg4 Rg2+ 43. Kf3 1-0

[Event "Kreismeisterschaft Mittelfranken Mitte 2"]
[Site "Nuernberg"]
[Date "2020.01.06"]
[Round "7.9"]
[White "Albayrak, Aylin"]
[Black "Danninger, Hugo"]
[Result "1-0"]
[WhiteElo "1703"]
[BlackElo "1795"]
[PlyCount "43"]
[EventDate "2020.??.??"]
[WhiteTeam "SC Noris-Tarrasch Nürnberg"]
[BlackTeam "Zabo-Eintracht Nürnberg"]

1. d4 d5 2. c4 e6 3. Nf3 Nf6 4. Bg5 Be7 5. Nc3 h6 6. Bf4 Nc6 7. h3 Bd6 8. Ne5
Bxe5 9. dxe5 Ne4 10. Nxe4 dxe4 11. Qxd8+ Nxd8 12. O-O-O b6 13. g4 Bb7 14. Bg2
O-O 15. h4 Nc6 16. h5 Rad8 17. g5 Nd4 18. Rde1 hxg5 19. Bxg5 Rd7 20. h6 Nf5 21.
hxg7 Nxg7 22. Bf6 1-0

[Event "Kreismeisterschaft Mittelfranken Mitte 2"]
[Site "Nuernberg"]
[Date "2020.01.06"]
[Round "7.10"]
[White "Albayrak, Nese Pinar"]
[Black "Poerzgen, Michael"]
[Result "1/2-1/2"]
[WhiteElo "1479"]
[BlackElo "1728"]
[PlyCount "26"]
[EventDate "2020.??.??"]
[WhiteTeam "SC Noris-Tarrasch Nürnberg"]
[BlackTeam "SW Nürnberg Süd"]

1. e4 d5 2. exd5 Qxd5 3. Nc3 Qd8 4. d4 Nf6 5. Nf3 a6 6. g3 b5 7. Bg2 Bb7 8. a3
e6 9. O-O Be7 10. Re1 O-O 11. Qd3 Nbd7 12. Bf4 Rb8 13. Rad1 Nb6 1/2-1/2

[Event "Kreismeisterschaft Mittelfranken Mitte 2"]
[Site "Nuernberg"]
[Date "2020.01.06"]
[Round "7.11"]
[White "Hamazaspyan, Seryozka"]
[Black "Holl, Manfred"]
[Result "0-1"]
[WhiteElo "1507"]
[BlackElo "2044"]
[PlyCount "50"]
[EventDate "2020.??.??"]
[WhiteTeam "SC JÄKLECHEMIE"]
[BlackTeam "SW Nürnberg Süd"]

1. d4 d6 2. Bf4 g6 3. e3 Bg7 4. c3 Nf6 5. Bd3 Nbd7 6. Nd2 b6 7. e4 e5 8. Be3
O-O 9. Ngf3 Bb7 10. O-O exd4 11. Nxd4 Nc5 12. Bc2 Ncxe4 13. Re1 d5 14. Qf3 Qd7
15. Rad1 Rfe8 16. N4b3 Nxd2 17. Rxd2 Ng4 18. Red1 Nxe3 19. fxe3 Qe7 20. Re2 c5
21. Qh3 Rad8 22. Ree1 Rd6 23. Rd2 Re6 24. Kf2 Qg5 25. Nc1 d4 0-1

[Event "Kreismeisterschaft Mittelfranken Mitte 2"]
[Site "Nuernberg"]
[Date "2020.01.06"]
[Round "7.13"]
[White "Wettermann, Bernd"]
[Black "Denninger, David"]
[Result "1-0"]
[WhiteElo "1760"]
[BlackElo "1775"]
[PlyCount "59"]
[EventDate "2020.??.??"]
[WhiteTeam "Zabo-Eintracht Nürnberg"]
[BlackTeam "SC JÄKLECHEMIE"]

1. e4 c5 2. Nf3 d6 3. d4 cxd4 4. Nxd4 Nf6 5. Nc3 g6 6. Bc4 Bg7 7. O-O O-O 8. h3
Nc6 9. Be3 a6 10. a4 Bd7 11. Bb3 Rc8 12. Qd2 Re8 13. Rae1 Na5 14. Qd3 Nxb3 15.
cxb3 e5 16. Nde2 Be6 17. Nd5 Nxd5 18. exd5 Bf5 19. Qd1 Bc2 20. Qd2 Bxb3 21. Rc1
Bxa4 22. Rxc8 Qxc8 23. Rc1 Qd7 24. Qb4 e4 25. Nc3 Bb5 26. Nxe4 f5 27. Ng5 Re5
28. Bd4 Rxd5 29. Bxg7 Kxg7 30. Rc7 1-0

[Event "Kreismeisterschaft Mittelfranken Mitte 2"]
[Site "Nuernberg"]
[Date "2020.01.06"]
[Round "7.15"]
[White "Hahn, Thomas"]
[Black "Nuesslein, Christian"]
[Result "1/2-1/2"]
[WhiteElo "1866"]
[BlackElo "1848"]
[PlyCount "93"]
[EventDate "2020.??.??"]
[WhiteTeam "Zabo-Eintracht Nürnberg"]
[BlackTeam "SGem Nürnberg"]

1. e4 Nf6 2. e5 Nd5 3. c4 Nb6 4. d4 d6 5. exd6 cxd6 6. Nf3 g6 7. Be2 Bg7 8. Be3
Nc6 9. Nc3 Bf5 10. Rc1 e5 11. d5 Ne7 12. O-O Rc8 13. b3 O-O 14. Qd2 Re8 15. h3
Bd7 16. g4 f5 17. gxf5 Nxf5 18. Bg5 Bf6 19. Bxf6 Qxf6 20. Ne4 Qe7 21. Kh2 Rcd8
22. Rg1 Rf8 23. Rg2 Nh4 24. Nxh4 Qxh4 25. Bg4 Rf4 26. Qe2 Rdf8 27. Rf1 Kg7 28.
f3 h5 29. Bxd7 Nxd7 30. Nxd6 Qf6 31. Ne4 Qf5 32. Ng5 Rf6 33. Ne6+ Rxe6 34. dxe6
Qxe6 35. Rfg1 Rf6 36. Qe4 Nc5 37. Qe3 b6 38. Re1 Nd7 39. Rge2 Qd6 40. Rd2 Qc6
41. Qe4 Qc7 42. Rd5 Rf5 43. Kg2 Nf6 44. Qd3 Nxd5 45. Qxd5 Qe7 46. Re4 Qf6 47.
Qd7+ 1/2-1/2

[Event "Kreismeisterschaft Mittelfranken Mitte 2"]
[Site "Nuernberg"]
[Date "2020.01.06"]
[Round "7.16"]
[White "Muenzenberg, Dietrich"]
[Black "Merdian, Nick"]
[Result "1/2-1/2"]
[WhiteElo "1697"]
[BlackElo "1588"]
[PlyCount "59"]
[EventDate "2020.??.??"]
[WhiteTeam "Zabo-Eintracht Nürnberg"]
[BlackTeam "SC Postbauer-Heng"]

1. d4 Nf6 2. Bg5 d5 3. Nc3 e6 4. e4 dxe4 5. Nxe4 Be7 6. Nxf6+ Bxf6 7. Bxf6 Qxf6
8. Nf3 Nc6 9. c3 Bd7 10. Bb5 a6 11. Ba4 O-O 12. O-O Rad8 13. Re1 Rfe8 14. Bxc6
Bxc6 15. Ne5 Bd7 16. Re3 Qe7 17. Rh3 f6 18. Qh5 h6 19. Nxd7 Qxd7 20. Rg3 Kh8
21. Qg6 e5 22. Rd1 exd4 23. cxd4 Qe7 24. h3 Rf8 25. Kh2 Qf7 26. Qg4 Qd7 27. Qg6
Qf7 28. Qg4 Qd7 29. Qg6 Qf7 30. Qg4 1/2-1/2

[Event "Kreismeisterschaft Mittelfranken Mitte 2"]
[Site "Nuernberg"]
[Date "2020.01.06"]
[Round "7.17"]
[White "Albayrak, Atilla"]
[Black "Dreiseitel, Werner"]
[Result "1/2-1/2"]
[WhiteElo "1422"]
[BlackElo "1593"]
[PlyCount "48"]
[EventDate "2020.??.??"]
[WhiteTeam "SC Noris-Tarrasch Nürnberg"]
[BlackTeam "SW Nürnberg Süd"]

1. d4 d5 2. Nf3 Nf6 3. g3 Bf5 4. Bg2 c6 5. O-O Nbd7 6. c4 e6 7. Nc3 Be7 8. Bf4
Nh5 9. Bd2 Nhf6 10. Rc1 O-O 11. Qb3 Qb6 12. Qxb6 axb6 13. cxd5 exd5 14. a3 b5
15. Na2 Nb6 16. Bb4 Bxb4 17. Nxb4 Nc4 18. Nh4 Bg4 19. f3 Be6 20. e4 dxe4 21.
fxe4 Nxb2 22. d5 cxd5 23. exd5 Bg4 24. d6 Rfd8 1/2-1/2

[Event "Kreismeisterschaft Mittelfranken Mitte 2"]
[Site "Nuernberg"]
[Date "2020.01.06"]
[Round "7.18"]
[White "Dreiseitel, Ursula"]
[Black "Scheitler, Wolfgang"]
[Result "0-1"]
[WhiteElo "1480"]
[BlackElo "1472"]
[PlyCount "70"]
[EventDate "2020.??.??"]
[WhiteTeam "SW Nürnberg Süd"]
[BlackTeam "SW Nürnberg Süd"]

1. d4 Nf6 2. Bf4 d6 3. Nf3 g6 4. c3 Bg7 5. e3 O-O 6. Nbd2 Nbd7 7. Bd3 c6 8. O-O
Qc7 9. Qc2 e5 10. dxe5 Nxe5 11. Nxe5 dxe5 12. Bg3 Nh5 13. e4 Nxg3 14. hxg3 Be6
15. f4 f5 16. Bc4 Bxc4 17. Nxc4 exf4 18. gxf4 fxe4 19. Qxe4 Rae8 20. Qf3 b5 21.
Nd2 g5 22. f5 Qe5 23. g4 Rf6 24. Rae1 Qc5+ 25. Kg2 Rxe1 26. Rxe1 Rh6 27. Re8+
Kf7 28. Qe4 Qd6 29. Nf3 Qf6 30. Qe3 Bf8 31. Re6 Qd8 32. Ne5+ Kg8 33. Nxc6 Qd5+
34. Qf3 Rh2+ 35. Kg3 Rh3+ 0-1

[Event "Kreismeisterschaft Mittelfranken Mitte 2"]
[Site "Nuernberg"]
[Date "2020.01.06"]
[Round "7.19"]
[White "Klinger, Klaus"]
[Black "Steindl, Horst"]
[Result "0-1"]
[WhiteElo "1668"]
[BlackElo "1308"]
[PlyCount "60"]
[EventDate "2020.??.??"]
[WhiteTeam "Zabo-Eintracht Nürnberg"]
[BlackTeam "SW Nürnberg Süd"]

1. d4 Nf6 2. Bf4 e6 3. e3 d5 4. h3 Bd6 5. Bxd6 Qxd6 6. c3 Nc6 7. Bd3 e5 8. Ne2
e4 9. Bc2 Bd7 10. Nd2 O-O-O 11. a3 g5 12. b4 h5 13. h4 Rdg8 14. Kf1 Ng4 15. f4
Nxe3+ 16. Ke1 Nxd1 17. Bxd1 gxf4 18. Rf1 e3 19. Nf3 Rxg2 20. Ng5 Rxg5 21. hxg5
Bg4 22. Nxf4 Bxd1 23. Kxd1 Ne7 24. Ke2 Ng6 25. Nxg6 fxg6 26. Rf6 Qh2+ 27. Kxe3
Re8+ 28. Kf3 Qe2+ 29. Kg3 Re3+ 30. Kh4 Qh2# 0-1

[Event "Kreismeisterschaft Mittelfranken Mitte 2"]
[Site "Nuernberg"]
[Date "2020.01.06"]
[Round "7.20"]
[White "Naegelein, Yannick"]
[Black "Hutzler, Udo"]
[Result "1-0"]
[WhiteElo "1219"]
[BlackElo "1425"]
[PlyCount "115"]
[EventDate "2020.??.??"]
[WhiteTeam "SV Postbauer"]
[BlackTeam "SK Nürnberg"]

1. e4 c6 2. Nf3 d5 3. exd5 cxd5 4. d4 Bg4 5. Be3 e6 6. Be2 Qb6 7. b3 Bb4+ 8. c3
Be7 9. O-O Nf6 10. Nbd2 O-O 11. h3 Bxf3 12. Nxf3 Nc6 13. c4 a6 14. c5 Qc7 15.
a3 Ne4 16. Bd3 Rad8 17. Qc2 f5 18. Rfe1 h6 19. Qc1 f4 20. Bd2 Nxd2 21. Qxd2 Qd7
22. b4 Bf6 23. Bf1 g5 24. a4 Rfe8 25. b5 Na5 26. Qxa5 Ra8 27. Qc3 Qc7 28. Qd3
Kg7 29. Ne5 Bxe5 30. Rxe5 axb5 31. Qxb5 Kf7 32. Qb6 Qxb6 33. cxb6 Rec8 34. Re2
Rc4 35. Rae1 Re8 36. Rd2 Rxa4 37. Bb5 Rea8 38. Bxa4 Rxa4 39. Rb1 Rc4 40. Kh2
Ke7 41. g3 Kf6 42. Kg2 Kf5 43. Rb3 Ke4 44. f3+ Kf5 45. gxf4 Kxf4 46. Kf2 h5 47.
Re3 Kf5 48. Re5+ Kf6 49. Kg3 Rb4 50. h4 gxh4+ 51. Kh3 Rxd4 52. Rxd4 Kxe5 53.
Rxh4 d4 54. Kg2 Kd5 55. Rxh5+ Kc4 56. Rh6 d3 57. Rxe6 d2 58. Rd6 1-0

[Event "Kreismeisterschaft Mittelfranken Mitte 2"]
[Site "Nuernberg"]
[Date "2020.01.06"]
[Round "7.21"]
[White "Barnowski, Roman"]
[Black "Nerreter, Bernd"]
[Result "1/2-1/2"]
[WhiteElo "1540"]
[BlackElo "1337"]
[PlyCount "60"]
[EventDate "2020.??.??"]
[WhiteTeam "SW Nürnberg Süd"]
[BlackTeam "SC Noris-Tarrasch Nürnberg"]

1. e4 e5 2. Nf3 Nc6 3. Bc4 Be7 4. d4 exd4 5. Nxd4 d6 6. Nc3 h6 7. O-O Bd7 8.
Qf3 Ne5 9. Qe2 Nxc4 10. Qxc4 Nf6 11. Bf4 O-O 12. Ndb5 Ne8 13. Rfe1 a6 14. Nd4
b5 15. Qd3 Bg5 16. Qf3 Bxf4 17. Qxf4 Qf6 18. Nde2 Qxf4 19. Nxf4 f5 20. Ncd5 Kh7
21. e5 dxe5 22. Rxe5 g5 23. Re7+ Kg8 24. Ng6 Rf7 25. Rae1 Rd8 26. Ne5 Rxe7 27.
Nxe7+ Kf8 28. Nxd7+ Rxd7 29. Ng6+ Kg7 30. Re7+ Rxe7 1/2-1/2

[Event "Kreismeisterschaft Mittelfranken Mitte 2"]
[Site "Nuernberg"]
[Date "2020.01.06"]
[Round "7.22"]
[White "Schaller, Michael"]
[Black "Walisch, Wilfried"]
[Result "1/2-1/2"]
[WhiteElo "1580"]
[BlackElo "1548"]
[PlyCount "53"]
[EventDate "2020.??.??"]
[WhiteTeam "SW Nürnberg Süd"]
[BlackTeam "SW Nürnberg Süd"]

1. e4 d6 2. Bc4 Nf6 3. Nc3 e5 4. Nf3 Be7 5. d4 exd4 6. Nxd4 O-O 7. O-O c6 8. h3
b5 9. Bd3 Bb7 10. Nf5 Re8 11. Nxe7+ Rxe7 12. Bg5 Re6 13. Qf3 h6 14. Bxf6 Rxf6
15. Qg3 Nd7 16. Rfe1 Ne5 17. Ne2 Rg6 18. Qe3 Qg5 19. Qxg5 hxg5 20. Ng3 Bc8 21.
Nf5 Bxf5 22. exf5 Rf6 23. Kf1 Nxd3 24. cxd3 Rxf5 25. d4 Kf8 26. Rac1 Rc8 27. g4
1/2-1/2

[Event "Kreismeisterschaft Mittelfranken Mitte 2"]
[Site "Nuernberg"]
[Date "2020.01.06"]
[Round "7.23"]
[White "Koberstein, Simon"]
[Black "Ott, Juan Luis"]
[Result "1-0"]
[WhiteElo "1024"]
[BlackElo "1582"]
[PlyCount "77"]
[EventDate "2020.??.??"]
[WhiteTeam "SC Postbauer-Heng"]
[BlackTeam "Zabo-Eintracht Nürnberg"]

1. e4 e5 2. Nf3 Nf6 3. Bc4 Nc6 4. Nc3 Bc5 5. Ng5 O-O 6. d3 h6 7. Nf3 d6 8. O-O
Bg4 9. h3 Bd7 10. Nd5 Nxd5 11. Bxd5 Rb8 12. Bd2 Ne7 13. Qc1 c6 14. Bc4 b5 15.
Bb3 Kh7 16. c3 Ng6 17. d4 exd4 18. cxd4 Bb6 19. Re1 Nh4 20. Nxh4 Qxh4 21. Bc3
Kh8 22. Re3 c5 23. dxc5 Bxc5 24. Rg3 f6 25. Qc2 b4 26. Bd2 Rbc8 27. Qd3 f5 28.
e5 f4 29. Rf3 Bf5 30. Qe2 Bg6 31. exd6 Bxd6 32. Qe6 Qf6 33. Qxf6 Rxf6 34. a3
Be4 35. axb4 Bxf3 36. gxf3 Rc7 37. Bc3 Rf8 38. Ra6 Be7 39. Rxh6# 1-0

[Event "Kreismeisterschaft Mittelfranken Mitte 2"]
[Site "Nuernberg"]
[Date "2020.01.06"]
[Round "7.24"]
[White "Wensky, Michael"]
[Black "Odnoralova, Elizaveta"]
[Result "1-0"]
[WhiteElo "1370"]
[BlackElo "1045"]
[PlyCount "155"]
[EventDate "2020.??.??"]
[WhiteTeam "SC Noris-Tarrasch Nürnberg"]
[BlackTeam "SC Noris-Tarrasch Nürnberg"]

1. e4 e5 2. Nf3 Nc6 3. Bc4 Bc5 4. c3 d6 5. b4 Bb6 6. Qb3 Be6 7. Bxe6 fxe6 8.
Qxe6+ Qe7 9. Qd5 Nf6 10. Qb3 Qd7 11. h3 d5 12. exd5 Nxd5 13. a4 a6 14. a5 Ba7
15. O-O Nf4 16. Re1 Nxh3+ 17. Kf1 Nxf2 18. d4 Nd3 19. Re4 Qf5 20. Nbd2 O-O-O
21. Ba3 exd4 22. Qe6+ Qxe6 23. Rxe6 dxc3 24. Ne4 c2 25. Bc1 Nf4 26. Bxf4 Rd1+
27. Ke2 Rxa1 28. b5 Ra2 29. Bc1 Nd4+ 30. Nxd4 Bxd4 31. bxa6 bxa6 32. Rxa6 Re8
33. Kd3 Bb2 34. Nc5 c6 35. Rxc6+ Kb8 36. Na6+ Kb7 37. Rb6+ Ka7 38. Nc7 Rb8 39.
Ra6+ Kb7 40. Rb6+ Kxc7 41. Bf4+ Kd7 42. Rxb8 c1=Q 43. Rb7+ Ke6 44. Rb6+ Kd7 45.
Bxc1 Bxc1 46. a6 Kc7 47. Rb7+ Kc6 48. Rxg7 Ra3+ 49. Ke4 Rxa6 50. Rxh7 Ra5 51.
Rh8 Kd6 52. Rc8 Bg5 53. Rg8 Bh4 54. Rh8 Be1 55. g4 Ke6 56. Kf3 Rg5 57. Re8+ Kf6
58. Rxe1 Rc5 59. Rh1 Re5 60. Kf4 Rd5 61. Rh6+ Kg7 62. Re6 Rd4+ 63. Kg5 Rd5+ 64.
Kh4 Kh7 65. g5 Kg7 66. Kh5 Kf7 67. Ra6 Kg8 68. Kh6 Kf8 69. Ra7 Rd6+ 70. g6
Rxg6+ 71. Kxg6 Ke8 72. Kf6 Kd8 73. Ke6 Kc8 74. Kd6 Kb8 75. Rc7 Ka8 76. Kc6 Kb8
77. Kb6 Ka8 78. Rc8# 1-0

[Event "Kreismeisterschaft Mittelfranken Mitte 2"]
[Site "Nuernberg"]
[Date "2020.01.06"]
[Round "7.25"]
[White "Sethi, Aaron"]
[Black "Albayrak, Melissa"]
[Result "0-1"]
[WhiteElo "886"]
[BlackElo "1225"]
[PlyCount "73"]
[EventDate "2020.??.??"]
[WhiteTeam "SC Noris-Tarrasch Nürnberg"]
[BlackTeam "SC Noris-Tarrasch Nürnberg"]

1. e4 e5 2. Nf3 Nc6 3. Nc3 Nf6 4. Bc4 h6 5. d4 exd4 6. Nxd4 Ne5 7. Bf4 Nxc4 8.
Ndb5 d6 9. b3 Nb6 10. Nd5 Nbxd5 11. exd5 Be7 12. c4 a6 13. Nd4 Qd7 14. O-O Qg4
15. Qxg4 Bxg4 16. f3 Bh5 17. Rfe1 Bg6 18. g4 Rd8 19. h4 h5 20. g5 Ng8 21. Re3
Kd7 22. Rae1 f6 23. Ne6 Rc8 24. Nc5+ dxc5 25. R3e2 Bd6 26. Bxd6 cxd6 27. Re6
Re8 28. Rxe8 Bxe8 29. Rb1 Bg6 30. Rb2 fxg5 31. hxg5 Ne7 32. b4 cxb4 33. Rxb4
Kc7 34. Rb3 Nf5 35. Rc3 Nd4 36. c5 Ne2+ 37. Kf1 0-1